000 00414nam a2200145 4500
008 191024s2016||||xo d
100 1 _aLampartová Terézia
_91413
245 1 0 _aPätminútovky zo slovenského jazyka
_bpre 3.-4. rocník Základných škôl
250 _a1.vydanie
260 _bPríroda
_aBratislava
_c2016
300 _a79s.
020 _a9788055169095
_c4,28
041 1 _aslo
044 _axo
_cSK
999 _c22771
_d22771